000 01208cam a22003377a 4500
003 CHAP
005 20220329134119.0
008 971013s1973 r 00010 d
010 _a15591
011 _a16563
035 _a20644
040 _cCHAP
090 _aFolleto 4235
100 0 0 _aGrupo de Trabajo de Crédito Agropecuario, México.
_950878
245 0 _aMás y mejor crédito al campo en la presente administración
260 _aMéxico, D.F. :
_bEl autor,
_c1973
300 _a24 p.
_b: gráfs. : ilus
590 _aBATCH-UPD
_b10
_c20130110
_lUCH01
_h0234
590 _aBATCH-UPD
_b10
_c20130110
_lUCH01
_h1845
590 _aBATCH-UPD
_b10
_c20130409
_lUCH01
_h2259
590 _aBATCH-UPD
_b10
_c20130410
_lUCH01
_h1215
590 _aBATCH-UPD
_b10
_c20130914
_lUCH01
_h1101
590 _aCONVERSION
_b10
_c20130109
_lUCH01
_h1310
650 1 4 _aCrédito agrícola
_zMéxico.
_929089
710 0 _aMéxico. Secretaría de Agricultura y Ganadería.
_977111
710 0 _aMéxico. Secretaría de Hacienda y Crédito Público.
_977183
901 _aBK
942 _cFOLL
949 _aFolleto 4235
_bBC
_cFOLL
_d-48190
_eTS1
_i20644
_mD
_si
949 _aFolleto 4235
_bBC
_cFOLL
_d-48191
_eTS2
_fc.2
_i20644
_mD
_si
999 _c15591
_d15591